Edmund Burke and the revolt against the eighteenth century ; a study of the political and social thinking of Burke, Wordsworth, Coleridge, and Southey.

Bibliographic Details
Main Author: Cobban, Alfred
Format: Book
Language:English
Published: New York : Barnes & Noble, [1961]
Edition:[2d ed.].
Subjects:

MARC

Tag First Indicator Second Indicator Subfields
LEADER 00000cam a2200000 4500
001 in00000038684
005 20151007081219.0
008 730606c19611960 eng u
010 |a  61001721  
035 |a (OCoLC)00637806 
035 |9 AAF6050AM 
040 |c HEI  |d TXA  |d UtOrBLW 
049 |a TXAM  |c [331548] 
050 0 |a JA84.G7  |b C6 1961 
082 0 |a 320.942 
092 |a 320.942  |b C653e, 1960 
100 1 |a Cobban, Alfred. 
245 1 0 |a Edmund Burke and the revolt against the eighteenth century ;  |b a study of the political and social thinking of Burke, Wordsworth, Coleridge, and Southey. 
250 |a [2d ed.]. 
264 1 |a New York :  |b Barnes & Noble,  |c [1961] 
264 4 |c [©1960] 
300 |a xiv, [7]-280 pages ;  |c 21 cm. 
336 |a text  |b txt  |2 rdacontent 
337 |a unmediated  |b n  |2 rdamedia 
338 |a volume  |b nc  |2 rdacarrier 
504 |a Bibliography: pages 275-276. 
600 1 0 |a Burke, Edmund,  |d 1729-1797. 
600 1 0 |a Wordsworth, William,  |d 1770-1850  |x Political and social views. 
600 1 0 |a Southey, Robert,  |d 1774-1843  |x Political and social views. 
650 0 |a Political science  |x History  |z Great Britain. 
650 0 |a Eighteenth century. 
999 |a MARS 
999 f f |s 0a528a0c-d64c-31d4-9cc9-6701d3718fcf  |i 4f161071-ae44-3c2f-b8ab-ce67d7b461d0  |t 0 
952 f f |p ric  |a Texas A&M University  |b Rellis Campus  |c Joint Library Facility  |d Remote Storage  |t 0  |e JA84.G7 C6 1961  |h Library of Congress classification  |i unmediated -- volume  |m A14836364900 
998 f f |a JA84.G7 C6 1961  |t 0  |l Remote Storage